LEADER 01222nam0-22003731i-450- 001 990003819330403321 005 20081211115524.0 010 $a88-464-1358-X 035 $a000381933 035 $aFED01000381933 035 $a(Aleph)000381933FED01 035 $a000381933 100 $a20030910d--------km-y0itay50------ba 101 0 $aita 105 $ay-------001yy 200 1 $a<>qualità delle azioni formative$eciteri di valutazione tra esigenze di funzionalità e costruzione del significato$fMaurizio Lichtner 205 $a1. ed. 210 $aMilano$cFranco Angeli$d1999 215 $a310 p.$cill.$d22 cm 225 1 $aScienze della formazione$v26 300 $aContiene riferimenti bibl. (pp. 293-306) e indice degli autori 610 0 $aFORMAZIONE PROFESSIONALE$aValutazione dell'efficacia 610 0 $aEDUCAZIONE$aRicerca$aMetodo qualitativo 676 $a331.2592 676 $a374.013 700 1$aLichtner,$bMaurizio$0125965 801 0$aIT$bUNINA$gRICA$2UNIMARC 901 $aBK 912 $a990003819330403321 952 $a331.2592 LIC 1$b7928$fBFS 952 $a331.2592 LIC 1BIS$b1999$fBFS 959 $aBFS 996 $aQualità delle azioni formative$9506112 997 $aUNINA LEADER 00918nam--2200337---450- 001 990000556290203316 035 $a0055629 035 $aUSA010055629 035 $a(ALEPH)000055629USA01 035 $a0055629 100 $a20010710d1968----km-y0itay0103----ba 101 $aita 102 $aIT 105 $a||||||||001yy 200 1 $aDidattica e docimologia$emisurazione e valutazione nella scuola 205 $a6. rist. 210 $aRoma$cArmando Ed.$d1968 215 $a591 p.$cill.$d24 cm 410 $12001 676 $a371. 700 1$aGATTULO,$bMario$0546468 801 0$aIT$bsalbc$gISBD 912 $a990000556290203316 951 $a371 GAT$b1941 CBS$c371$d00107340 959 $aBK 969 $aSCI 979 $aPATTY$b90$c20010710$lUSA01$h1545 979 $c20020403$lUSA01$h1705 979 $aPATRY$b90$c20040406$lUSA01$h1639 996 $aDidattica e docimologia$9884461 997 $aUNISA LEADER 01173nam--2200397---450- 001 990003688390203316 005 20120917124413.0 010 $a88-464-7049-4 035 $a000368839 035 $aUSA01000368839 035 $a(ALEPH)000368839USA01 035 $a000368839 100 $a20120917d2005----km-y0itay50------ba 101 $aita 102 $aIT 105 $a||||||||001yy 200 1 $a<> verità negata$eriflessioni pedagogiche sul relativismo etico$fEnricomaria Corbi 210 $aMilano$cFrancoAngeli$d2005 215 $a103 p.$d23 cm 225 2 $aScienze della formazione$v66 410 0$12001$aScienze della formazione$v, 66 454 1$12001 461 1$1001-------$12001 606 0 $aRelativismo$xEtica$2BNCF 676 $a171.1 700 1$aCORBI,$bEnricomaria$0212784 801 0$aIT$bsalbc$gISBD 912 $a990003688390203316 951 $aII.6. 1477$b74659 G.$cII.6.$d00316353 959 $aBK 969 $aGIU 979 $aFIORELLA$b90$c20120917$lUSA01$h1159 979 $aFIORELLA$b90$c20120917$lUSA01$h1203 979 $aFIORELLA$b90$c20120917$lUSA01$h1244 996 $aVerità negata$91098234 997 $aUNISA